| 000 | 01713nam0a2200361 4500 | ||
|---|---|---|---|
| 001 | RU\NLR\bibl\133005 | ||
| 005 | 20260407025449.0 | ||
| 020 |
_aRU _b98-34748 _9Книжная летопись |
||
| 021 |
_aRU _b98-27672 _91322 |
||
| 035 | _a(NLR Aleph) 000130279 | ||
| 090 |
_a743864 _c743864 |
||
| 100 | _a20000410d1997 |||y0rusy50 ca | ||
| 101 | 0 | _arus | |
| 102 | _aRU | ||
| 105 | _aa ||||||||| | ||
| 200 | 1 |
_aМатематическое моделирование и управление в сложных системах _eСб. науч. тр. _fМоск. гос. акад. приборостроения и информатики. Каф. "Упр. и моделирование систем" _gПод ред. Музыкина С. Н. |
|
| 210 |
_aМ. _cМГАПИ _d1997 |
||
| 215 |
_a189 с. _d20 |
||
| 320 | _aБиблиогр. в конце ст. | ||
| 610 | 0 | _aДинамические системы сложные - Математическое моделирование | |
| 610 | 0 | _aДинамические системы сложные - управление - математические методы | |
| 675 |
_a681.51.01(082) _v3 _zrus |
||
| 686 |
_a50 _2rugasnti |
||
| 686 |
_a32.96 _2rubbk |
||
| 702 | 1 |
_aМузыкин _bС. Н. _4340 |
|
| 711 | 0 | 2 |
_aМосковская государственная академия приборостроения и информатики _bКафедра "Управление и моделирование систем" _3RU\NLR\AUTH\8810011258 _9520223 |
| 801 | 0 |
_aRU _bRKP _c20000410 _gPSBO |
|
| 801 | 1 |
_aRU _bRKP _c20000410 |
|
| 801 | 2 |
_aRU _bNLR _c20010601 _grcr |
|
| 852 |
_aNLR _j2001-3/155 |
||
| 942 | _cBOOK | ||
| 980 | _aNB | ||